Formar niños productores de textos

Gardado en:
Detalles Bibliográficos
Autor Principal: Jolibert, Josette (Author)
Autor Corporativo: Grupo de Investigación de Ecouen (Author)
Formato: Libro
Idioma:Lingua castelá
Publicado: Santiago Dolmen 2002
Edición:8a. ed
Series:Dolmen Estudio
Subjects:
Tags: Engadir etiqueta
Sen Etiquetas, Sexa o primeiro en etiquetar este rexistro!

MARC

LEADER 00000nam a2200000 a 4500
001 UCL6934
003 CL-VaPUC
008 040423e20020000CL |||||||||||||||||spa|d
020 |a 9562011096 
082 0 4 |a 372.41  |b JOL  |2 21 
100 0 |a Jolibert, Josette  |e author  |9 233 
110 2 |a Grupo de Investigación de Ecouen  |e author  |9 484599 
245 1 0 |a Formar niños productores de textos 
250 |a 8a. ed 
300 |a 233 p 
942 |c BK 
945 |d 20040423 00:00:00  |a cmena 
260 |a Santiago  |b Dolmen  |c 2002 
650 0 |a Métodos de enseñanza  |9 270413 
650 0 |a Comprensión de lectura  |9 307588 
650 0 |a Planificación del currículo  |9 269599 
650 7 |a ELABORACION DE TEXTOS  |2 CL-VaPUC  |9 466587 
583 |a last modification  |c 20170927 11:22:32  |k Rodrigo Vera 
490 0 |a Dolmen Estudio 
999 |c 308811  |d 308809 
952 |0 0  |1 0  |4 0  |6 372_410000000000000_JOL_2002  |7 0  |8 R  |9 375677  |a BIBEDU  |b BIBEDU  |c MCIRC  |d 2019-11-21  |i 4005325  |o 372.41 JOL 2002  |p 4005325  |r 2023-01-13  |w 2019-11-21  |y BK_R  |k BME